Ricostruisci la Carriera del Calciatore - Hernán Crespo - Statistics

Statistiche generali
  • Questo quiz è stato fatto 15 volte
  • Il punteggio medio è 5 su 10
Statistiche sulle risposte
Hint Risposta % Corretto
1993-1996 River Plate
100%
1996-2000 Parma
71%
2002-2003 Inter
57%
2000-2002 Lazio
57%
2004-2005 Milan
57%
2005-2006 Chelsea
43%
2009-2010 Genoa
43%
2006-2009 Inter
29%
2010-2012 Parma
29%
2003-2004 Chelsea
14%
Nessun quiz corrispondente trovato
Distribuzione punteggi
Percentuale di utenti per punteggio
Percentile per numero di risposta
I tuoi punteggi nel tempo
Non hai fatto questo quiz